logo

Bir Sreshtho Munshi Abdur Rouf Library
Jhenaidah Cadet College

Life against death : (Record no. 2950)

MARC details
000 -LEADER
fixed length control field 00810nam a2200277 a 4500
001 - CONTROL NUMBER
JCCL Control Number 2950
003 - CONTROL NUMBER IDENTIFIER
JCCL marc code BD-JhCC
005 - DATE AND TIME OF LATEST TRANSACTION
control field 20171108195352.0
008 - FIXED-LENGTH DATA ELEMENTS--GENERAL INFORMATION
fixed length control field 880808t19701959ctu b 001 0 eng d
020 ## - INTERNATIONAL STANDARD BOOK NUMBER
International Standard Book Number 0819560103
035 ## - SYSTEM CONTROL NUMBER
system control number (BD-JhCC)2950
040 ## - CATALOGING SOURCE
Original cataloging agency DLC
Transcribing agency DLC
Modifying agency m.c
041 ## - LANGUAGE CODE
Language code of Book eng
050 00 - LIBRARY OF CONGRESS CALL NUMBER
Classification number CB19
Item number .B69 1959
082 ## - DEWEY DECIMAL CLASSIFICATION NUMBER
Classification number 363.12
Author mark and Year BRO 1970
100 1# - MAIN ENTRY--PERSONAL NAME
Personal name Brown, Norman Oliver
Dates associated with a name 1913-2002.
245 10 - TITLE STATEMENT
Title Life against death :
Remainder of title the psychoanalytical meaning of history /
Statement of responsibility, etc by Norman O. Brown
250 ## - EDITION STATEMENT
Edition statement Paperback Edition
260 ## - PUBLICATION, DISTRIBUTION, ETC. (IMPRINT)
Place of publication, distribution, etc Middletown, Conn :
Name of publisher, distributor, etc Wesleyan University Press,
Date of publication, distribution, etc 1970, c1959
300 ## - PHYSICAL DESCRIPTION
Pagination xii, 366 p. ;
Dimensions 19 cm
504 ## - BIBLIOGRAPHY, ETC. NOTE
Bibliography, etc Includes bibliography and index
650 #0 - SUBJECT ADDED ENTRY--TOPICAL TERM
Topical term or geographic name as entry element Psychoanalysis
650 #0 - SUBJECT ADDED ENTRY--TOPICAL TERM
Topical term or geographic name as entry element History
General subdivision Philosophy
650 #0 - SUBJECT ADDED ENTRY--TOPICAL TERM
Topical term or geographic name as entry element Death instinct
942 ## - ADDED ENTRY ELEMENTS (KOHA)
Source of classification or shelving scheme Dewey Decimal Classification
Koha item type Books
Holdings
Source of classification or shelving scheme Damaged status Not for loan Home library Current library Shelving location Date of accession Source of acquisition Total Checkouts Full call number Barcode Date last seen Copy number Koha item type
Dewey Decimal Classification     JCC Rouf Library JCC Rouf Library General Stacks 11/08/2017 Asia Foundation   363.12 BRO 1970 4779 11/08/2017 C- 1 Books

JCC Library | Contacts | JCC Home

Last Update on 23 September 2017
Copyright @ 2017-2020 JCC Rouf Library
Rouf Library, Jhenidah Cadet College (JCC), Bangladesh